000 01102cam a2200313 i 4500
001 4611043
003 OSt
005 20230704083414.0
008 770304s1977 nyu b 001 0 eng
010 _a 77003442
020 _a0199200971.
_a0199201005
040 _aDLC
_cDLC
_dDLC
082 0 0 _a339.4
_bLLU
100 1 _aLluch, Constantino.
245 1 0 _aPatterns in household demand and saving /
_cConstantino Lluch, Alan A. Powell, Ross A. Williams, with contributions by Roger R. Betancourt, Howard Howe, and Philip Musgrove.
260 _aNew York :
_bPublished for the World Bank [by] Oxford University Press,
_cc1977.
300 _axxxi, 280 p. ;
_c23 cm.
490 0 _aA World Bank research publication
500 _aIncludes indexes.
504 _aBibliography: p. 261-271.
650 0 _aConsumption (Economics)
650 0 _aSupply and demand.
650 0 _aEconomic development.
700 1 _aPowell, Alan A.,
_ejoint author.
700 1 _aWilliams, Ross A.,
_ejoint author.
710 2 _aWorld Bank.
906 _a7
_bcbc
_corignew
_d1
_eocip
_f19
_gy-gencatlg
942 _2ddc
_cBK
999 _c3560
_d3560